<?xml version="1.0" encoding="UTF-8"?><?xml-stylesheet type="text/xsl" href="static/style.xsl"?><OAI-PMH xmlns="http://www.openarchives.org/OAI/2.0/" xmlns:xsi="http://www.w3.org/2001/XMLSchema-instance" xsi:schemaLocation="http://www.openarchives.org/OAI/2.0/ http://www.openarchives.org/OAI/2.0/OAI-PMH.xsd"><responseDate>2026-06-01T04:33:30Z</responseDate><request verb="GetRecord" identifier="oai:riuma.uma.es:10630/22784" metadataPrefix="marc">https://riuma.uma.es/rest/oai/request</request><GetRecord><record><header><identifier>oai:riuma.uma.es:10630/22784</identifier><datestamp>2026-02-03T10:48:40Z</datestamp><setSpec>com_10630_2254</setSpec><setSpec>col_10630_37953</setSpec></header><metadata><record xmlns="http://www.loc.gov/MARC21/slim" xmlns:dcterms="http://purl.org/dc/terms/" xmlns:doc="http://www.lyncode.com/xoai" xmlns:xsi="http://www.w3.org/2001/XMLSchema-instance" xsi:schemaLocation="http://www.loc.gov/MARC21/slim http://www.loc.gov/standards/marcxml/schema/MARC21slim.xsd">
   <leader>00925njm 22002777a 4500</leader>
   <datafield ind2=" " ind1=" " tag="042">
      <subfield code="a">dc</subfield>
   </datafield>
   <datafield ind2=" " ind1=" " tag="720">
      <subfield code="a">Pérez-Bravo, Raquel</subfield>
      <subfield code="e">author</subfield>
   </datafield>
   <datafield ind2=" " ind1=" " tag="720">
      <subfield code="a">Morales-Cantero, Alejandro</subfield>
      <subfield code="e">author</subfield>
   </datafield>
   <datafield ind2=" " ind1=" " tag="720">
      <subfield code="a">Bruscolini, Marguerita</subfield>
      <subfield code="e">author</subfield>
   </datafield>
   <datafield ind2=" " ind1=" " tag="720">
      <subfield code="a">García-Aranda, Miguel Ángel</subfield>
      <subfield code="e">author</subfield>
   </datafield>
   <datafield ind2=" " ind1=" " tag="720">
      <subfield code="a">Santacruz-Cruz, María Isabel</subfield>
      <subfield code="e">author</subfield>
   </datafield>
   <datafield ind2=" " ind1=" " tag="720">
      <subfield code="a">Gómez-de-la-Torre, María de los  Ángeles</subfield>
      <subfield code="e">author</subfield>
   </datafield>
   <datafield ind2=" " ind1=" " tag="260">
      <subfield code="c">2021</subfield>
   </datafield>
   <datafield ind2=" " ind1=" " tag="520">
      <subfield code="a">The effect of superplasticiser, borax and the water-to-cement ratio on BYF hydration and&#xd;
mechanical strengths has been studied. Two laboratory-scale BYF cements—st-BYF (with  -C2S&#xd;
and orthorhombic C4A3 S) and borax-activated B-BYF (with a’H-C2S and pseudo-cubic C4A3s)&#xd;
have been used, and both show similar particle size distribution. The addition of superplasticiser&#xd;
and externally added borax to BYF pastes has been optimised through rheological measurements.&#xd;
Optimised superplasticiser contents (0.3, 0.4 and 0.1 wt%for st-BYF, B-BYF and st-BYF with externally&#xd;
added 0.25 wt % B2O3, respectively) result in low viscosities yielding homogeneous mortars. The&#xd;
calorimetric study revealed that st-BYF is more reactive than B-BYF, as the values of heat released are&#xd;
300–370 J/g and 190–210 J/g, respectively, after 7 days of hydration; this fact is independent of the&#xd;
water-to-cement ratio. These findings agree with the higher degree of hydration at 28 days of b -C2S&#xd;
in st-BYF (from 45 to 60%) than a’H-C2S in B-BYF (~20 to 30%). The phase assemblage evolution has&#xd;
been determined by LXRPD coupled with the Rietveld method and MAS-NMR. The formation of&#xd;
stratlingite is favoured by increasing the w/c ratio in both systems. Finally, the optimisation of fresh&#xd;
BYF pastes jointly with the reduction of water-to-cement ratio to 0.40 have allowed the achieving&#xd;
of mortars with compressive strengths over 40 MPa at 7 days in all systems. Moreover, the st-BYF&#xd;
mortar, where borax was externally added, achieved more than 70 MPa after 28 days. The main&#xd;
conclusion of this work does not support Lafarge’s approach of adding boron/borax to the raw meal&#xd;
of BYF cements. This procedure stabilises the alpha belite polymorph, but its reactivity, in these&#xd;
systems, is lower and the associated mechanical strengths poorer.</subfield>
   </datafield>
   <datafield ind1="8" ind2=" " tag="024">
      <subfield code="a">Materials, 2021, 14, 4862</subfield>
   </datafield>
   <datafield ind1="8" ind2=" " tag="024">
      <subfield code="a">https://hdl.handle.net/10630/22784</subfield>
   </datafield>
   <datafield ind1="8" ind2=" " tag="024">
      <subfield code="a">10.3390/ma14174862</subfield>
   </datafield>
   <datafield tag="653" ind2=" " ind1=" ">
      <subfield code="a">Materiales</subfield>
   </datafield>
   <datafield tag="653" ind2=" " ind1=" ">
      <subfield code="a">Cemento</subfield>
   </datafield>
   <datafield ind2="0" ind1="0" tag="245">
      <subfield code="a">Effect of boron and water-to-cement ratio on the performances of laboratory prepared Belite-Ye'elimite-Ferrite (BYF) cements</subfield>
   </datafield>
</record>
</metadata></record></GetRecord></OAI-PMH>